000
00197 a2200097 4500
001
12191
100
_a
Mir,Taqi Mir
245
_a
Kulliat e mir
260
_a
_b
Sang-e-Meel
_c
090
_c
9406
_d
9406
942
_a
NUST-CAE
_c
M
_c
36274
999
_c
247264
_d
247264